Histoire de l'immigration américaine - Statistiques

Statistiques générales
  • Ce quiz a été pris 4 fois
  • Le résultat moyen est 6 sur 24
Statistiques - réponses
Hint Réponse % Correct
Creation of Ellis Island
100%
Creation of ICE (and more globally, DHS)
67%
Emergency Quota Act
67%
First wave of immigration : Western Europe(name the populations in the second box) 1820-1880
33%
Second wave of immigration : Eastern and Southern Europe+ Eastern Asia 1880-1920
33%
The first numerical limits to immigration : 3% of each nationality 1921
33%
Modern wave of immigration : Central and South America,South Asia 1965-today
33%
Traumatic terrorist attack in New York... 2001
33%
... which led to the creation of a notorious "immigration police" 2003
33%
Chinese Exclusion Act
33%
Creation of the Border Patrol
33%
Irish, Germans
33%
Italian, Polish, Chinese, Japanese
33%
Mexican, Indian, Filipino
33%
World Trade Center attack
33%
First law that restricted immigration 1882
0%
Creation of a famous island where every immigrant arrived 1892
0%
Law that included tests to filter immigration 1917
0%
Creation of a patrol that controlled quotas and alcohol smuggling 1924
0%
Law that reduced the quota and favored Western immigration 1924
0%
Deleted the quotas, allowed for any immigration, depending onfamily relations 1965
0%
Hart-Celler Act
0%
Immigration Act
0%
National Origins Act
0%
Aucun quiz correspondant
Distribution des résultats
% des personnes avec chaque résultat
Percentile par nombre de réponses
Votre historique - résultats
Vous n’avez pas pris ce quiz